| 000 | 00607nam a2200229Ia 4500 | ||
|---|---|---|---|
| 005 | 20250425162433.0 | ||
| 008 | 250425s9999 xx 000 0 und d | ||
| 020 | _a9789871169504 | ||
| 041 | _aspa | ||
| 082 | _a629.222 | ||
| 110 | _aMANUALES NEGRI | ||
| 245 | 0 | _aMANUAL DE DIAGNOSTICO Y BUSQUEDA DE FALLAS DIESEL 1: AUTOMOVILES NACIONALES E IMPORTADOS | |
| 250 | _a1A ED. | ||
| 260 |
_aArgentina _bALBERTO VERDAGUER _c2007 |
||
| 260 | _aBUENOS AIRES | ||
| 300 | _a527 | ||
| 500 | _aINCLUYE 1 CD | ||
| 650 | _aINYECCION DIESEL | ||
| 650 | _aMOTORES DIESEL | ||
| 942 | _c01 | ||
| 010 | _a73903 | ||
| 999 |
_c229211 _d229211 |
||